College Football Matchups: BYU - Statistics

General Stats
  • This quiz has been taken 109 times
    26 since last reset
  • The average score is 13 of 16
Answer Stats
Games Opponent Subdivision % Correct
97 Utah Power 4
100%
91 Utah State Group of 5
100%
14 Colorado Power 4
88%
69 Colorado State Group of 5
88%
20 UNLV Group of 5
88%
80 Wyoming Group of 5
88%
27 Arizona Power 4
83%
29 Arizona State Power 4
83%
38 San Diego State Group of 5
83%
31 Air Force Group of 5
79%
60 New Mexico Group of 5
75%
18 San Jose State Group of 5
75%
32 Hawaii Group of 5
71%
16 Montana FCS
58%
15 Montana State FCS
58%
37 UTEP Group of 5
54%
No matching quizzes found
Score Distribution
Percent of People with Each Score
Percentile by Number Answered
Your Score History
You have not taken this quiz since the last reset